Quizzes
Events
Quiz Creation
Community
Videos
Private Events
Remove Ads
Sign In
Join for FREE
Feedback
Dark Mode
Quiz Categories
Sports
Geography
Music
Movies
Television
Just For Fun
Miscellaneous
History
Literature
Language
Science
Gaming
Entertainment
Religion
Holiday
For Kids
Quiz Lab
Recent
Popular Today
Quiz Kudos Today
Editor Picks
Curator Picks
Quizzes by...
Day
Popularity
Type
Ratings
Length
Year
Community
Subscriptions
Recent Discussions
Orange Saloon
Badges
Playlists
Quests
Create
Leaderboards
Showdown
Live 5
Trivia Bingo
Activity
Puzzle Library
Sporcle Events
Private Events
Virtual Trivia
Globe League
Become a Host
Pub Owners
SporcleCon
Opinionation
Our Games
Videos
Blog
Mobile Apps
Partnerships
Remove Ads and Go Orange
Feedback
Movies
Disney
Marvel Cinematic Universe
Movie Resume
Movie Titles
Oscar
Actor
Actress
Director
Pixar
Role
Movie Quotes
Movie Characters
Box Office
Nominee
Best Picture
Star Wars
James Bond
Horror Movies
Movies
Disney
Marvel Cinematic Universe
Movie Resume
Movie Titles
Oscar
Actor
Actress
Director
Pixar
Role
Movie Quotes
Movie Characters
Box Office
Nominee
Best Picture
Star Wars
James Bond
Horror Movies
Random Quiz
Search Sporcle
×
Quiz Lab
Quiz Lab
Movies
Actor
Select answers by clicking on text or image buttons
Select answers by clicking on text or image buttons
Clickable
Best Score? Go Orange.
Actors who were to be RAMBO Stats
Can you pick the Actors who were to be RAMBO
By
Moise
90s
11 Questions
274 Plays
274 Plays
274 Plays
Comments
Comments
Give Quiz Kudos
Give Quiz Kudos
-
- Ratings
hide this ad
More Info
Random Order
Randomize order of answers
Randomize order of answers
Replay
Link that replays current quiz
Next Quiz
Link to next quiz in quiz playlist
You Got
0%
They Got
Avg Score
55%
Avg Friend Score
Upgrade to see
Score Distribution
Jump to the score distribution portion of the page
Score
0/11
Timer
01:30
0
Plays Today
% Correct
Clint Eastwood
73.7%
Robert De Niro
68.6%
John Travolta
64.2%
Al Pacino
58.8%
Steve McQueen
54.4%
Michael Douglas
54%
Paul Newman
52.9%
Nick Nolte
51.8%
Dustin Hoffman
47.8%
Kris Kristofferson
47.1%
James Garner
40.5%
Quiz Playlist
Details
Report
Send in Message
Add To Playlist
More Info:
Click the names of the actors that were potential Rambos
Clickable:
Select answers by clicking on text or image buttons
Random Order:
Randomize order of answers
Last Updated: Feb 16, 2017
Quiz Scoreboard
CHALLENGE
Sign Up to Join the Scoreboard
Show All
Scores
Hide
Comments
May contain spoilers
Recently Published
NBA Finals Game Top Scorers (2010s)
by flibbidy
Sports
5m
Guess the 'R' Things in 3 Words
by MSUKent
Miscellaneous
3m
Actor to Badly Drawn Movie III
by MoMosMoProblems
Movies
5m
More to Explore
Quiz From the Vault
Featured Blog Post
Where Does Lost Luggage Go?
hide this ad
You Might Also Like...
Tags
Actor Quiz
Clickable Quiz
Today's Top Quizzes in Movies
Browse Movies
hide this ad
Today's Top Quizzes in Actor
Browse Actor
Top Contributed Quizzes in Movies
1
Pixar Reveal II
2
How Long Is the Movie Title?
3
Pixar Reveal III
4
10 Quentin Tarantino Movies in Order
5
Pixar Reveal IV
6
Adjectives in 00s Movies
7
Movie Stars Gone to the Dogs
8
Pixar Reveal V
9
Adjectives in 10s Movies
10
Adjectives in 90s Movies
Explore More
Trending Topics
NBA
Marvel
Anime
Kpop
Harry Potter
Crossword
Disney
The Office
Puzzle
Soccer
NFL
Country
Song
WWE
Pokémon
hide this ad
More By:
Moise
Quiz
Plays
Rating
Category
Featured
Created
Movies Bunker
2,233,090
3.69
Movies
Jun 6, 2011
NBA 30,000 Point Club
78,663
4.41
Sports
Dec 5, 2012
The 5 most valuable NBA franchises are...
25,310
1.38
Sports
Jan 25, 2013
NBA Starting 5 All - stats teams
12,451
3.91
Sports
Jan 2, 2014
10 most attacked/destroyed cities in Movie History.
9,502
2.47
Movies
Apr 11, 2011
Go to Creator's Profile
Score Distribution
Quiz Creator Spotlight
Moise
Follow
Send a Message
Quizzes Created
-
Created Quiz Play Count
-
More By This Creator
Popular Quizzes Today
1
Find the US States - No Outlines Minefield
2
Find the US States
3
The Countries of the World
4
10 Largest US States in Order
5
Find the Countries of Europe - No Outlines Minefield
6
US States
7
Guess the 'R' Things in 3 Words
8
NBA Finals Game Top Scorers (2010s)
More Movies Quizzes
Hollywood Reporter Covers: Actors
Editor's Pick
Trending Quizzes
First Name TV: Leading Men
Match the Book to the Film II
Match the Book to the Film VI
3-Word Movies in 1 Word II
First Name TV: Leading Women Drama
Recently Updated
Women's Final Four Teams by Year
bhenderson79
Presidents Quartet II
eogle
Anything But Clue(do)
eogle
Anything But Oceanian Capitals
eogle
Anything But 7
eogle
Anything But Thing
eogle
Word Ladder: February 29
pecheneg
Song Title Questions
pecheneg
Women's NCAA Tournament #1 Seeds
pecheneg
Celebrity Mug Shots
pecheneg
Trending Topics
Marvel
Crossword
Kpop
Anime
Harry Potter
Disney
NBA
WWE
Puzzle
The Office
Pokémon
NFL
Country
Song
Soccer
Your Account Isn't Verified!
In order to create a playlist on Sporcle, you need to verify the email address you used during registration. Go to your
Sporcle Settings
to finish the process.
Report this User
Report this user for behavior that violates our
Community Guidelines
.
Details:
Send Report
Go to the Sporcle.com Mobile Site →
Comments